ការស្រោចស្រព (Record no. 9901)

000 -LEADER
fixed length control field 00243nam a22001097a 4500
040 ## - CATALOGING SOURCE
Transcribing agency SY
082 ## - DEWEY DECIMAL CLASSIFICATION NUMBER
Classification number 627
100 ## - MAIN ENTRY--AUTHOR NAME
Personal name សួស ចំណាន
245 ## - TITLE STATEMENT
Title ការស្រោចស្រព
260 ## - PUBLICATION, DISTRIBUTION, ETC. (IMPRINT)
Place of publication RUA
Name of publisher សួស
Year of publication 2010
942 ## - ADDED ENTRY ELEMENTS (KOHA)
Koha item type សៀវភៅភាសាខ្មែរ
952 ## - LOCATION AND ITEM INFORMATION (KOHA)
Withdrawn status [LOCAL, KOHA] 0
Holdings
Permanent Location Date acquired Koha item type Lost status Shelving location Barcode Current Location Full call number
Library Block C2016-09-15សៀវភៅភាសាខ្មែរ C241RUA44632Library Block C627 សួស 2010 C241
មជ្ឈមណ្ឌលឯការនៃសាកលវិទ្យាល័យភូមិន្ទកសិកម្មចំការដូង

Powered by Koha